<?xml version="1.0" encoding="UTF-8"?>
<record
    xmlns:xsi="http://www.w3.org/2001/XMLSchema-instance"
    xsi:schemaLocation="http://www.loc.gov/MARC21/slim http://www.loc.gov/standards/marcxml/schema/MARC21slim.xsd"
    xmlns="http://www.loc.gov/MARC21/slim">

  <leader>01372cam a2200301 a 4500</leader>
  <controlfield tag="001">000001634</controlfield>
  <controlfield tag="003">DO-SdBNP</controlfield>
  <controlfield tag="005">20251204073701.0</controlfield>
  <controlfield tag="008">970225s1997    wau           001 0 spa  </controlfield>
  <datafield tag="020" ind1=" " ind2=" ">
    <subfield code="a">0821337157</subfield>
  </datafield>
  <datafield tag="040" ind1=" " ind2=" ">
    <subfield code="a">DO-SdBNP</subfield>
    <subfield code="b">spa</subfield>
    <subfield code="c">BNPHU</subfield>
  </datafield>
  <datafield tag="041" ind1="1" ind2="7">
    <subfield code="a">eng</subfield>
    <subfield code="h">spa</subfield>
  </datafield>
  <datafield tag="082" ind1=" " ind2=" ">
    <subfield code="a">340.3098</subfield>
    <subfield code="b">R332</subfield>
  </datafield>
  <datafield tag="245" ind1="0" ind2="0">
    <subfield code="a">Reforma judicial en Am&#xE9;rica Latina y el Caribe :</subfield>
    <subfield code="b">procedimientos de la Conferencia del Banco Mundial /</subfield>
    <subfield code="c">editado por Malcolm Rowat, Waleed H. Malik, Mar&#xED;a Dakolias.</subfield>
  </datafield>
  <datafield tag="260" ind1=" " ind2=" ">
    <subfield code="a">Washington :</subfield>
    <subfield code="b">Banco Mundial,</subfield>
    <subfield code="c">1997.</subfield>
  </datafield>
  <datafield tag="300" ind1=" " ind2=" ">
    <subfield code="a">xi, 19 p. ;</subfield>
    <subfield code="c">28 cm.</subfield>
  </datafield>
  <datafield tag="490" ind1="1" ind2=" ">
    <subfield code="a">Documento t&#xE9;cnico del Banco Mundial</subfield>
    <subfield code="v">no. 280S</subfield>
  </datafield>
  <datafield tag="500" ind1=" " ind2=" ">
    <subfield code="a">Algunas de las ponencias presentadas en la "Conferencia del Banco Mundial sobre Reforma Judicial en Am&#xE9;rica Latina y el Caribe", June 13-14, 1994, Washington, D.C.</subfield>
  </datafield>
  <datafield tag="650" ind1=" " ind2="4">
    <subfield code="a">Reforma judicial </subfield>
    <subfield code="z">Am&#xE9;rica Latina</subfield>
    <subfield code="9">5342</subfield>
  </datafield>
  <datafield tag="650" ind1=" " ind2="0">
    <subfield code="a">Reforma judicial </subfield>
    <subfield code="z">AM&#xC9;RICA LATINA</subfield>
    <subfield code="9">5342</subfield>
  </datafield>
  <datafield tag="650" ind1=" " ind2="0">
    <subfield code="a">Administraci&#xF3;n de  justicia </subfield>
    <subfield code="z">Caribe, Regi&#xF3;n</subfield>
    <subfield code="9">10083</subfield>
  </datafield>
  <datafield tag="700" ind1="1" ind2=" ">
    <subfield code="a">Rowat, Malcolm,</subfield>
    <subfield code="d">1945-</subfield>
    <subfield code="e">ed.</subfield>
    <subfield code="9">5345</subfield>
  </datafield>
  <datafield tag="700" ind1="1" ind2=" ">
    <subfield code="a">Malik, Waleed Haider,</subfield>
    <subfield code="d">1957-</subfield>
    <subfield code="e">ed.</subfield>
    <subfield code="9">5346</subfield>
  </datafield>
  <datafield tag="700" ind1="1" ind2=" ">
    <subfield code="a">Dakolias, Mar&#xED;a,</subfield>
    <subfield code="d">1965-</subfield>
    <subfield code="e">ed.</subfield>
    <subfield code="9">5347</subfield>
  </datafield>
  <datafield tag="711" ind1="2" ind2=" ">
    <subfield code="a">World Bank Conference on Development in Latin Am&#xE9;rica and the Caribbean</subfield>
    <subfield code="d">(1994 :</subfield>
    <subfield code="c">Washington, D.C.)</subfield>
    <subfield code="9">5348</subfield>
  </datafield>
  <datafield tag="830" ind1=" " ind2="0">
    <subfield code="a">Documento t&#xE9;cnico del Banco Mundial</subfield>
    <subfield code="v">no. 280S</subfield>
    <subfield code="9">5349</subfield>
  </datafield>
  <datafield tag="942" ind1=" " ind2=" ">
    <subfield code="2">ddc</subfield>
    <subfield code="c">LBS1</subfield>
  </datafield>
  <datafield tag="952" ind1=" " ind2=" ">
    <subfield code="0">0</subfield>
    <subfield code="1">0</subfield>
    <subfield code="5">2</subfield>
    <subfield code="7">0</subfield>
    <subfield code="8">MO</subfield>
    <subfield code="a">GR</subfield>
    <subfield code="b">GR</subfield>
    <subfield code="c">CT</subfield>
    <subfield code="d">2009-08-18</subfield>
    <subfield code="i">LF1</subfield>
    <subfield code="l">0</subfield>
    <subfield code="o">340.3098 R332</subfield>
    <subfield code="p">1634-10</subfield>
    <subfield code="r">2020-06-25</subfield>
    <subfield code="w">2020-06-25</subfield>
    <subfield code="y">2</subfield>
    <subfield code="Z">Pr&#xE9;stamo interno</subfield>
  </datafield>
  <datafield tag="999" ind1=" " ind2=" ">
    <subfield code="c">1524</subfield>
    <subfield code="d">1524</subfield>
  </datafield>
</record>
